<?xml version="1.0" encoding="UTF-8"?><?xml-stylesheet type="text/xsl" href="static/style.xsl"?><OAI-PMH xmlns="http://www.openarchives.org/OAI/2.0/" xmlns:xsi="http://www.w3.org/2001/XMLSchema-instance" xsi:schemaLocation="http://www.openarchives.org/OAI/2.0/ http://www.openarchives.org/OAI/2.0/OAI-PMH.xsd"><responseDate>2026-06-07T17:25:38Z</responseDate><request verb="GetRecord" identifier="oai:docta.ucm.es:20.500.14352/105110" metadataPrefix="marc">https://docta.ucm.es/rest/oai/request</request><GetRecord><record><header><identifier>oai:docta.ucm.es:20.500.14352/105110</identifier><datestamp>2025-03-18T13:19:48Z</datestamp><setSpec>com_20.500.14352_14</setSpec><setSpec>col_20.500.14352_15</setSpec></header><metadata><record xmlns="http://www.loc.gov/MARC21/slim" xmlns:dcterms="http://purl.org/dc/terms/" xmlns:xsi="http://www.w3.org/2001/XMLSchema-instance" xmlns:doc="http://www.lyncode.com/xoai" xsi:schemaLocation="http://www.loc.gov/MARC21/slim http://www.loc.gov/standards/marcxml/schema/MARC21slim.xsd">
   <leader>00925njm 22002777a 4500</leader>
   <datafield ind2=" " ind1=" " tag="042">
      <subfield code="a">dc</subfield>
   </datafield>
   <datafield ind2=" " ind1=" " tag="720">
      <subfield code="a">Sánchez Yepes, Andrés</subfield>
      <subfield code="e">author</subfield>
   </datafield>
   <datafield ind2=" " ind1=" " tag="720">
      <subfield code="a">Santos López, Aurora</subfield>
      <subfield code="e">author</subfield>
   </datafield>
   <datafield ind2=" " ind1=" " tag="720">
      <subfield code="a">Rosas, Juana M.</subfield>
      <subfield code="e">author</subfield>
   </datafield>
   <datafield ind2=" " ind1=" " tag="720">
      <subfield code="a">Rodríguez-Mirasol, José</subfield>
      <subfield code="e">author</subfield>
   </datafield>
   <datafield ind2=" " ind1=" " tag="720">
      <subfield code="a">Cordero, Tomás</subfield>
      <subfield code="e">author</subfield>
   </datafield>
   <datafield ind2=" " ind1=" " tag="720">
      <subfield code="a">Lorenzo Fernández, David</subfield>
      <subfield code="e">author</subfield>
   </datafield>
   <datafield ind2=" " ind1=" " tag="260">
      <subfield code="c">2023-11</subfield>
   </datafield>
   <datafield ind2=" " ind1=" " tag="520">
      <subfield code="a">A common strategy for removing highly toxic organic compounds, such as chlorinated organic compounds, is their adsorption on granular activated carbon. Spent granular activated carbon results in a toxic residue to manage; therefore, the regeneration and reuse of granular activated carbon on the site would be advisable. This work studies the regeneration of a granular activated carbon saturated in 1,2,4-trichlorobenzene, chosen as the model chlorinated organic compounds, by heterogeneous Fenton, where iron was previously immobilised on the granular activated carbon surface. This methodology avoids the addition of iron to the aqueous phase at concentrations above the allowable limits and the need for acidification. Three successive cycles of adsorption-regeneration were carried out batchwise (5 gGAC·L−1) with a granular activated carbon saturated with 300 mg124-TCB·gGAC−1. The recovery of the adsorption capacity after regeneration was studied with H2O2 (166 mM, 1.5 the stoichiometric dosage), at different concentrations adsorbed with iron adsorbed concentrations (0–12 mgFe·gGAC−1) and temperatures (20–80 °C). Stable recovery of the adsorption capacity values of 65% were obtained at 180 min with 12 mgFe·gGAC−1 and 60 °C. The porosity and surface chemistry of the adsorbent remained very similar after different adsorption-regeneration cycles without iron leaching into the aqueous phase. The oxidant consumption was close to the stoichiometric value for the mineralization of 1,2,4−trichlorobenzene, with a low unproductive consumption of H2O2 with granular activated carbon. In addition, no aromatic or chlorinated by-products were detected in the aqueous solution obtained in the regeneration process. The negligible toxicity of the aqueous phase with the Microtox bioassay confirmed the absence of toxic oxidation by-products.
Keywords: Heterogeneous fenton; Adsorption; Regeneration; Activated carbon; Chlorinated organic compounds</subfield>
   </datafield>
   <datafield ind1="8" ind2=" " tag="024">
      <subfield code="a">Andrés Sánchez-Yepes, Aurora Santos, Juana M. Rosas, José Rodríguez-Mirasol, Tomás Cordero, David Lorenzo, Sustainable reuse of toxic spent granular activated carbon by heterogeneous fenton reaction intensified by temperature changes, Chemosphere, Volume 341, 2023, 140047, ISSN 0045-6535, https://doi.org/10.1016/j.chemosphere.2023.140047.</subfield>
   </datafield>
   <datafield ind1="8" ind2=" " tag="024">
      <subfield code="a">0045-6535</subfield>
   </datafield>
   <datafield ind1="8" ind2=" " tag="024">
      <subfield code="a">10.1016/j.chemosphere.2023.140047</subfield>
   </datafield>
   <datafield ind1="8" ind2=" " tag="024">
      <subfield code="a">https://hdl.handle.net/20.500.14352/105110</subfield>
   </datafield>
   <datafield ind1="8" ind2=" " tag="024">
      <subfield code="a">https://doi.org/10.1016/j.chemosphere.2023.140047</subfield>
   </datafield>
   <datafield ind1="8" ind2=" " tag="024">
      <subfield code="a">https://www.sciencedirect.com/science/article/pii/S0045653523023172?via%3Dihub</subfield>
   </datafield>
   <datafield ind2="0" ind1="0" tag="245">
      <subfield code="a">Sustainable reuse of toxic spent granular activated carbon by heterogeneous fenton reaction intensified by temperature changes</subfield>
   </datafield>
</record></metadata></record></GetRecord></OAI-PMH>